|
|
|
|
| LEADER |
00000nam a2200000Ia 4500 |
| 008 |
170208b2007 cr ||||| |||| 00| | spa d |
| 999 |
|
|
|c 557
|d 557
|
| 020 |
|
|
|a 9789968411264
|
| 090 |
|
|
|a 05.05.03
|b 1477
|
| 100 |
1 |
|
|a González Villanueva, Gustavo
|9 2411
|
| 245 |
1 |
0 |
|a Escritores Latinoamericanos: estudio y comentarios: leo-pienso-opino /
|c Dirigido por Gustavo González Villanueva
|
| 260 |
|
|
|a San José, Costa Rica :
|b Promesa,
|c 2007
|
| 300 |
|
|
|a 86 páginas
|
| 490 |
|
|
|a Escritores Latinoamericanos, Vol.3
|
| 505 |
|
|
|t Versos sencillos /
|r José Martí
|
| 505 |
|
|
|t "Intima" y otros poemas de Desolación /
|r Gabriela Mistral
|
| 505 |
|
|
|t "Idiay", Cinco temas en busca de un pensador /
|r Carmen Naranjo
|
| 600 |
1 |
4 |
|9 2422
|a MARTÍ, JOSÉ
|
| 600 |
1 |
4 |
|9 2423
|a MISTRAL GABRIELA
|
| 600 |
1 |
4 |
|9 2424
|a NARANJO,CARMEN
|
| 650 |
1 |
4 |
|a LITERATURA
|9 655
|
| 650 |
1 |
4 |
|a AUTORES
|9 2412
|
| 650 |
1 |
4 |
|a BIOGRAFÍAS
|9 968
|
| 651 |
|
4 |
|a AMÉRICA LATINA
|9 273
|
| 700 |
1 |
|
|9 2210
|a Ortega Figueroa, Humberto
|
| 700 |
1 |
|
|a Cabrera Valverde, Jorge Mario
|9 1860
|
| 700 |
1 |
|
|9 1122
|a Valembois, Víctor
|
| 942 |
|
|
|i 003181
|h 05.05.03 1477
|2 z
|c 01
|